| 000 | 00473nam a22001457a 4500 | ||
|---|---|---|---|
| 005 | 20150929100146.0 | ||
| 008 | 150929b xxu||||| |||| 00| 0 eng d | ||
| 040 | _cPK-LaUMT | ||
| 082 |
_aKHC 954.0350882971 _bSAR-H |
||
| 100 | _aSarfraz Hussain Mirza | ||
| 245 |
_aHindu Muslim conflict in south asia (712-1947) _ba case study of the genesis of pakistan _cSarfraz Hussain Mirza |
||
| 260 |
_aLahore _bCentre for south asian studies _c1997 |
||
| 300 | _a105 p. | ||
| 942 | _cBK | ||
| 999 |
_c76729 _d76729 |
||